LEADER 01125nam a2200265 u 4500 001 000000115683 003 CaOOAMICUS 005 20090514151747.0 008 090514s2009 it u000 u ita r 020 $z978-88-7263-310-6* 040 $aPUL$bita$dLDB 100 1 $aDi Pietro, Maria Luisa.$0(OLS)http://pul/name/32006 245 10$aAborto :$bdalla manipolazione della scienza alla manipolazione delle parole /$cMaria Luisa Di Pietro. 260 $aRoma :$bVivere In,$cstampa 2009. 300 $avi, 126 p. ;$c18 cm. 490 1 $aChiavi ;$v02 504 $aBibliografia: p. 81 650 4$aAborto.$0(OLS)http://pul/subject/6488 830 0$aChiavi ;$v02.$0(OLS)http://pul/title/145354 850 $aPUL 852 $aPUL$W1$xSL Filosofia 3$y81$m179. 7 DIPMA 1$j132501$qDDC 21$B131499$CPULBib$Z2$F131499 $H110268 $82 941 1 $a9 996 $6020$z978-88-7263-310-6*$9(OLS)http://pul/number/140685 996 $6245$aAborto :$bdalla manipolazione della scienza alla manipolazione delle parole$9(OLS)http://pul/title/145355 996 $6260$aRoma :$bVivere In$9(OLS)http://pul/publisher/51484 LEADER 01651nam a2200325 u 4500 001 000000078485 003 CaOOAMICUS 005 20070226123432.0 008 040503s1988 it u000 u ita u 035 $a10992930 040 $aPUL(R)$bita 100 1 $aCorsini, Alessandro.$0(OLS)http://pul/name/52253 245 13$aLa rilevanza pastorale del tema "Maria-Chiesa" nelle esortazioni apostoliche "Signum magnum" e Marialis Cultus" di Paolo VI /$cAlessandro Corsini. 260 $aRoma :$bPontificia Università Lateranense,$c1988. 300 $a210 p. ;$c24 cm 490 1 $aPontificia Universitas Lateranensis. These ad Doctoratum in S. Theologia. 502 $aDiss. (doct.)-- Pontificia Universitas Lateranensis. 504 $aBibliografia in nota. 600 04$aMaria Virgo,$cs.$0(OLS)http://pul/subject/500 610 24$aPapi (1963-1978 : Paulus PP. VI).$0(OLS)http://pul/subject/10628 830 0$aTheses ad doctoratum in s. theologia (Pontificia Università Lateranense).$0(OLS)http://pul/title/346 850 $aPUL 852 $aPUL$W1$xDP1 Tesi Pon Univ. Lateranense$y41$mTH PUL.THEOL 532$j100653$nBK-PRI$b $qTesi$B100653$CPULBib$Z2$F100653 $HPUL67242 $81 941 1 $a16 960 $aMariologia$9500 960 $aMariologia$9500 960 $aPaulus PP.$bVI,$cs.,$d1897-1978$910628 960 $aPaulus PP.$bVI,$cs.,$d1897-1978$910628 996 $6245$aLa rilevanza pastorale del tema "Maria-Chiesa" nelle esortazioni apostoliche "Signum magnum" e Marialis Cultus" di Paolo VI$9(OLS)http://pul/title/102827 996 $6260$aRoma :$bPontificia Università Lateranense$9(OLS)http://pul/publisher/47963